Normal view
MARC view
- Lionni Leo
Entry Personal Name
001 - CONTROL NUMBER
- control field: 7435
003 - CONTROL NUMBER IDENTIFIER
- control field: OSt
005 - DATE AND TIME OF LATEST TRANSACTION
- control field: 20200113142650.0
008 - FIXED-LENGTH DATA ELEMENTS
- fixed length control field: 200113|| aca||aabn | a|a d
040 ## - CATALOGING SOURCE
- Original cataloging agency: OSt
- Transcribing agency: OSt
100 ## - HEADING--PERSONAL NAME
- Personal name: Lionni Leo
670 ## - SOURCE DATA FOUND
- Source citation: Work cat.: (OSt): Lionni Leo, Swimmy, 1989